ARRUPE JESUIT UNIVERSITY

CORONAVIRUS -STOP THE SPREAD - CLEAN,DISINFECT,COVER

The African Synod (Record no. 124330)

MARC details
000 -LEADER
fixed length control field 00443nam a22001337a 4500
008 - FIXED-LENGTH DATA ELEMENTS--GENERAL INFORMATION
fixed length control field 160308b xxu||||| |||| 00| 0 eng d
050 ## - LIBRARY OF CONGRESS CALL NUMBER
Classification number BX839.A4 P294
100 ## - MAIN ENTRY--PERSONAL NAME
Personal name Pastoral Centre
9 (RLIN) 23489
245 ## - TITLE STATEMENT
Title The African Synod
Remainder of title Our way in
Statement of responsibility, etc Pastoral Centre
260 ## - PUBLICATION, DISTRIBUTION, ETC. (IMPRINT)
Place of publication, distribution, etc Zimbabwe
Name of publisher, distributor, etc Major Religious superiors Zimbabwe
-- Pastoral Centre Harare
Date of publication, distribution, etc 1991
300 ## - PHYSICAL DESCRIPTION
Extent 30p.'
Dimensions 21cm.
650 ## - SUBJECT ADDED ENTRY--TOPICAL TERM
Topical term or geographic name as entry element Synod of Bishops
Geographic subdivision Africa
9 (RLIN) 22809
942 ## - ADDED ENTRY ELEMENTS (KOHA)
Source of classification or shelving scheme Library of Congress Classification
Item type Monograph ( Printed materials)
Holdings
Withdrawn status Lost status Source of classification or shelving scheme Damaged status Not for loan Collection code Home library Current library Shelving location Date acquired Total Checkouts Full call number Barcode Date last seen Price effective from Koha item type
    Library of Congress Classification     Main Collection ARRUPE LIBRARY ARRUPE LIBRARY Main Collection 08/03/2016   BX839.A4 P294 46500006663 22/11/2017 08/03/2016 Monograph ( Printed materials)

 

Arrupe Library. PO Box MP320 Mt Pleasant, Harare, Zimbabwe
263 242 745411|librarian@aju.ac.zw